000
00299nam a22001217a 4500
008
170405b xxu||||| |||| 00| 0 eng d
041
_a
eng
080
_a
616.15
100
_a
9
101
_a
SHM
245
_a
THE ROLE OF LABORATORY IN HEMOLYTIC DISEASE OF THE NEWBORN
_c
GORMAN, J.G
942
_2
udc
_c
BK
999
_c
9895
_d
9895